| Tag |
First Indicator |
Second Indicator |
Subfields |
| LEADER |
00000cam a2200000 a 4500 |
| 001 |
in00000071346 |
| 005 |
20151008062156.0 |
| 008 |
771011s1976 bl a b f00010 porm |
| 010 |
|
|
|a 77555500
|
| 035 |
|
|
|a (OCoLC)03413861
|
| 035 |
|
|
|9 AAJ9676AM
|
| 040 |
|
|
|a DLC
|c DLC
|d TXA
|d UtOrBLW
|
| 043 |
|
|
|a s-bl---
|
| 049 |
|
|
|a TXAM
|c [387082]
|
| 050 |
0 |
0 |
|a HC187.5
|b .G8 1976
|
| 100 |
1 |
|
|a Guerra, Antônio Teixeira,
|d 1924-1968.
|
| 245 |
1 |
0 |
|a Recursos naturais do Brasil /
|c Antonio Teixeira Guerra.
|
| 250 |
|
|
|a 2a. ed., rev. e atualizada /
|b por Ignez Amelia Leal Teixeira Guerra, Antonio Jose Teixeira Guerra.
|
| 264 |
|
1 |
|a Rio de Janeiro :
|b Fundacao Instituto Brasileiro de Geografia e Estatistica, Diretoria de Divulgacao,
|c 1976.
|
| 300 |
|
|
|a 220 pages :
|b illustrations ;
|c 23 cm.
|
| 336 |
|
|
|a text
|b txt
|2 rdacontent
|
| 337 |
|
|
|a unmediated
|b n
|2 rdamedia
|
| 338 |
|
|
|a volume
|b nc
|2 rdacarrier
|
| 490 |
1 |
|
|a Biblioteca geografica brasileira : Serie A, Livros ;
|v publicacao no. 25
|
| 504 |
|
|
|a Bibliography: pages 197-220.
|
| 650 |
|
0 |
|a Natural resources
|z Brazil.
|
| 650 |
|
0 |
|a Conservation of natural resources
|z Brazil.
|
| 830 |
|
0 |
|a Biblioteca geografica brasileira : Serie A, Livros ;
|v publicação no. 25.
|
| 999 |
|
|
|a MARS
|
| 999 |
f |
f |
|s db04be64-3d87-3230-8b28-26d871e35ee0
|i 19c90f65-3d3d-33c3-90ab-eee84629fabe
|t 0
|
| 952 |
f |
f |
|p ric
|a Texas A&M University
|b Rellis Campus
|c Joint Library Facility
|d Remote Storage
|t 0
|e HC187.5 .G8 1976
|h Library of Congress classification
|i unmediated -- volume
|m A14806122166
|
| 998 |
f |
f |
|a HC187.5 .G8 1976
|t 0
|l Remote Storage
|